01509nam a22002897a 45000010005000000030006000050050017000110080041000280200018000690400029000870500009001160820011001251000018001362450094001542600052002483000051003005050007003515200548003585210027009065210021009336500029009546500032009837000034010159420015010499990015010649520140010796924FISKH20250610082622.0250610b cb ||||| |||| 00| 0 eng d a9780201322170 aFISKHbengcFISKHdFISKH aPZ7  a398.2  aTovey, Madge  aGoldilocks and the three bears /cRewritten by Madge Tovey ; Illustrated by Suzanne Smith aUnited State : bElectronic Education, c2000.  a22 pages : bcolor illstrations ; c20 x 28 cm aH  aThis retelling of the classic tale follows a little girl named Goldilocks who wanders into the forest and finds a house belonging to three bears—Papa Bear, Mama Bear, and Baby Bear. While the bears are out, Goldilocks goes inside and tries out their porridge, chairs, and beds. She finds that Baby Bear’s things are always “just right” and uses them. When the bears return home, they discover someone has been eating their food, sitting in their chairs, and sleeping in their beds. Goldilocks wakes up, sees the bears, and runs away. 8 a430 bLexile estimate 8 aH bRaz-Plus KSP aBears vCause and Effect aFairy TalesvNursery Rhymes aSmith, Suzanne eillustrator  2ddccBKn0 c6924d6924 00102ddc40708JUVFa001b001cTK Blued2025-06-10l1oTOV 398.2 PZ7 pFISBK05878r2025-12-17 10:40:11s2025-12-10t1w2025-06-10yBK